000 02540cam a2200265 4500500
005 20260111114106.0
041 _afre
042 _adc
100 1 0 _aNdour, Mamour
_eauthor
245 0 0 _aLes innovations organisationnelles dans l’entrepreneuriat social : le cas des startups sociales françaises
260 _c2019.
500 _a2
520 _aCet article examine les innovations organisationnelles très peu traitées dans la littérature en comparaison avec les innovations technologiques et encore moins dans le cas particulier des organisations de l’entrepreneuriat social. Pour contribuer à combler ce manque de connaissances théoriques, notre recherche propose d’explorer les innovations organisationnelles des startups sociales. Pour cela, nous avons adopté une étude de cas multiple de startups sociales françaises. Ainsi, notre recherche montre que l’innovation organisationnelle de ces jeunes entreprises prend des formes variées qui ont pour point commun la souplesse et la transversalité des équipes internes. L’innovation organisationnelle se caractérise aussi par un mode de gouvernance ouvert à la diversité des parties prenantes de l’organisation pour répondre simultanément à des objectifs pluriels. JEL codes : L31, M13, O3.
520 _aThis article examines the organizational innovations that are little discussed in the literature compared to technological innovations, and even less in the particular case of the social startups. To help fill this gap of theoretical knowledge, our research proposes to explore the organizational innovations of social startups. For that, we have adopted a multiple case studies of French social entrepreneurship startups. Thus, our research shows that the organizational innovation of social startups takes on a variety of forms, the common feature being the flexibility and transversality of the internal teams. Organizational innovation is also characterized by a mode of management open to diversity of the organization’s stakeholders to simultaneously meet multiple objectives.
690 _aentrepreneuriat social
690 _aFrance
690 _ainnovation organisationnelle
690 _astartup
690 _aFrance
690 _aorganizational innovation
690 _asocial entrepreneurship
690 _astartup
786 0 _nMarché et organisations | 36 | 3 | 2019-09-27 | p. 61-82 | 1953-6119
856 4 1 _uhttps://shs.cairn.info/revue-marche-et-organisations-2019-3-page-61?lang=fr&redirect-ssocas=7080
999 _c1633318
_d1633318